| 000 | 01650cam a22004454i 4500 | ||
|---|---|---|---|
| 003 | PE-LiUPU | ||
| 005 | 20250731172819.0 | ||
| 008 | 150617s r 000 0 d | ||
| 035 | _a(Sirsi) a13944 | ||
| 040 |
_aPE-LiUPU _bspa _cPE-LiUPU _erda |
||
| 049 | _aPRUA | ||
| 082 | 0 | 4 |
_a262.91 _bS379e _221 |
| 100 | 1 |
_aSchrijver, Silvio, _eautor. |
|
| 245 | 1 | 0 |
_aEncíclicas sobre el estudio de la biblia / _cSilvio Schrijver. |
| 264 | 1 |
_aBuenos Aires : _bEditorial Difusión, _c1859. |
|
| 300 |
_a178 páginas ; _c18 cm. |
||
| 336 |
_atext _2rdacontent |
||
| 337 |
_aunmediated _2rdamedia |
||
| 338 |
_avolume _2rdacarrier |
||
| 504 | _aNotas bibliográficas al pie de páginas. | ||
| 505 | 0 | _a"Providentissimus deus" (León XIII): Introducción. -Exelencia y utilidad del estudio. -Parte histórica. -Parte doctrinal. -Conclusión. -"Spiritus paraclitus" (benedicto XV): Introducción. -Parte histórica. -Parte doctrinal. -De la interpretación. -Conclusión. -"Divino afflante spiritu" (Pío XII): Introducción. -Parte histórica. -Parte doctrinal.-Conclusión. | |
| 526 | _aSEG42 | ||
| 526 | _aSEG41 | ||
| 526 | _aSEG40 | ||
| 526 | _aSEG39 | ||
| 526 | _aP94 | ||
| 526 | _aP87 | ||
| 526 | _aP86 | ||
| 526 | _aP85 | ||
| 526 | _aP77 | ||
| 526 | _aP76 | ||
| 526 | _aP35 | ||
| 630 |
_aBiblia _xEstudio y enseñanza _vEncíclicas. |
||
| 650 | 0 |
_9506 _aEncíclicas. |
|
| 910 | _ajck | ||
| 942 |
_2ddc _cBOOK |
||
| 949 |
_a262.91 S31 _wDEWEY _c1 _i12870 _lCCODEBUL1 _mBUL _p00.00 _r0 _sY _tBOOK _u19750207 _xTEOLOGIA _0COMPRA _o.STAFF. Colección General |
||
| 999 |
_c4367 _d4367 |
||
| 980 |
_81 _gALBERTO SANCHEZ Responsable de Automatización |
||